Deutschsprachige Fernssehsender - Statistiken

Allgemein
  • Dieses Quiz wurde 91 mal gespielt
  • Das Durchschnittsergebnis liegt bei 26 aus 69
Antwortstatistiken
ARD % Korrekt
RTL
94%
ProSieben
92%
Sat. 1
91%
ZDF
88%
Das Erste
87%
NDR Fernsehen
79%
RTL Zwei
79%
BR Fernsehen
78%
Arte
71%
Arte
71%
SWR Fernsehen
71%
WDR Fernsehen
71%
MDR Fernsehen
69%
SR Fernsehen
68%
Super RTL
67%
KiKA
65%
KiKA
65%
Kabel Eins
62%
VOX
62%
hr-fernsehen
54%
ZDFneo
54%
Radio Bremen TV
50%
Sat. 1 Gold
49%
3sat
46%
3sat
46%
3sat
46%
3sat
46%
ProSieben MAXX
45%
rbb
44%
Phoenix
40%
Phoenix
40%
DMAX
38%
n-tv
38%
ORF 2
36%
ORF 1
35%
ZDFinfo
35%
One
33%
Eurosport
32%
tagesschau24
32%
Nickelodeon
31%
Nickelodeon
31%
Nitro
31%
sixx
28%
ORF III
27%
SRF 1
27%
Tele 5
22%
MTV
21%
ARD alpha
19%
Kabel Eins Doku
13%
RTLup
12%
TLC
12%
Comedy Central
10%
ATV
9%
VOXup
9%
ORF Sport +
6%
ATV2
5%
Puls 24
4%
Toggo plus
4%
HGTV
3%
Puls 4
3%
ORF 2 Europe
1%
SRF zwei
1%
3 Plus TV
0%
4 Plus TV
0%
5 Plus TV
0%
6 Plus TV
0%
DW-TV
0%
Puls 8
0%
SRF info
0%
Keine übereinstimmenden Quizze gefunden
Verteilung der Resultate
Anzahl Personen mit jedem Resultat
Perzentil nach korrekt beantworteten Fragen
Ihre Resultats-Entwicklung
Sie haben dieses Quiz noch nicht gespielt